[Event "13th 4NCL Congress"]
[Site "Wakefield"]
[Date "2017.04.09"]
[Round "4"]
[Board "4"]
[White "Ai, Farshad"]
[Black "Cuaresma, Bien"]
[Result "1-0"]
[WhiteElo "1952"]
[BlackElo "1519"]
[PlyCount "107"]
[EventDate "2017.04.07"]
[EventRounds "5"]
[EventCountry "ENG"]

1. c4 Nf6 2. g3 d6 3. Bg2 c6 4. Nc3 e5 5. e4 Be6 6. b3 Be7 7. Nge2 Qd7 8. d4
Bh3 9. O-O Bxg2 10. Kxg2 h5 11. h4 Qc7 12. Bg5 Nbd7 13. Qd2 Nf8 14. d5 N8h7 15.
Bxf6 Bxf6 16. dxc6 bxc6 17. Rad1 Rd8 18. Rh1 Qe7 19. f3 g5 20. hxg5 Nxg5 21.
Qd3 Ne6 22. Rdg1 Qf8 23. Nd1 Qg7 24. Kf1 Bg5 25. Ne3 Nc5 26. Nf5 Qf8 27. Qc3
Bf6 28. Kg2 h4 29. gxh4 Kd7 30. Qa5 Ra8 31. Rd1 Nb7 32. Qd2 Kc7 33. b4 Rd8 34.
Nc3 Rh5 35. b5 Qh8 36. bxc6 d5 37. cxd5 Rxf5 38. exf5 Nd6 39. Qf2 Ra8 40. Rb1
e4 41. Nb5+ Nxb5 42. Rxb5 Rg8+ 43. Kf1 Bd4 44. Rb7+ Kd6 45. Rd7+ Ke5 46. Qh2+
Kxf5 47. fxe4+ Kg6 48. h5+ Kh7 49. Rxf7+ Rg7 50. Qf4 Be5 51. Qf5+ Kh6 52. Rxg7
Qxg7 53. Rg1 Bg3 54. Qg6+ 1-0

[Event "13th 4NCL Congress"]
[Site "Wakefield"]
[Date "2017.04.09"]
[Round "4"]
[Board "5"]
[White "Whitehead, Mark A"]
[Black "Evans, Peter Michael"]
[Result "0-1"]
[WhiteElo "1942"]
[BlackElo "1712"]
[PlyCount "98"]
[EventDate "2017.04.07"]
[EventRounds "5"]
[EventCountry "ENG"]

1. e4 e6 2. Qe2 Be7 3. b3 Nf6 4. Bb2 O-O 5. g3 d5 6. e5 Nfd7 7. Bg2 f6 8. Nf3
c5 9. O-O f5 10. d4 Nc6 11. c3 Nb6 12. Na3 Bd7 13. Nc2 Rc8 14. Nfe1 cxd4 15.
cxd4 Nb4 16. Nxb4 Bxb4 17. Nd3 Be7 18. Rac1 Bb5 19. a4 Bxd3 20. Qxd3 Qd7 21. f4
Rxc1 22. Rxc1 Rc8 23. Rxc8+ Qxc8 24. Qc3 Qxc3 25. Bxc3 Kf7 26. Bf1 a6 27. Kf2
Ba3 28. h3 Nd7 29. g4 g6 30. Bd3 Nb8 31. b4 Nc6 32. b5 axb5 33. axb5 Nd8 34.
Ba5 Ke7 35. Bb6 Kd7 36. Kf3 Bc1 37. Bc2 Nf7 38. Ba4 Ba3 39. gxf5 gxf5 40. Bc5
Bxc5 41. dxc5 Nd8 42. Kg3 Nf7 43. Kh4 Nh8 44. Kg5 Ng6 45. h4 d4 46. b6+ Kd8 47.
Bb3 Kd7 48. Bxe6+ Kxe6 49. c6 Ne7 0-1

[Event "13th 4NCL Congress"]
[Site "Wakefield"]
[Date "2017.04.09"]
[Round "4"]
[Board "6"]
[White "Wilson, Kevin J"]
[Black "Ter-Gevorkian, Aram"]
[Result "1-0"]
[WhiteElo "1810"]
[BlackElo "1932"]
[PlyCount "89"]
[EventDate "2017.04.07"]
[EventRounds "5"]
[EventCountry "ENG"]

1. d4 Nf6 2. Bf4 d5 3. e3 Bf5 4. Nf3 h6 5. c4 e6 6. Nc3 Bd6 7. Bxd6 Qxd6 8. c5
Qe7 9. Bd3 O-O 10. Bxf5 exf5 11. O-O c6 12. Qd3 g6 13. b4 Nbd7 14. b5 Ne4 15.
bxc6 bxc6 16. Nd2 Ndf6 17. Ncxe4 fxe4 18. Qa6 Qc7 19. Rfb1 Rab8 20. h3 g5 21.
Rb3 g4 22. hxg4 Nxg4 23. Nf1 Rxb3 24. axb3 Rb8 25. Qe2 Nf6 26. Nd2 Rb4 27. f3
a5 28. fxe4 dxe4 29. Rf1 Qe7 30. Qf2 Kg7 31. Qg3+ Kh7 32. Qh4 Kg7 33. Nxe4 Nd5
34. Qxe7 Nxe7 35. Nd6 Rxb3 36. Rxf7+ Kg6 37. Rxe7 a4 38. Ra7 Rxe3 39. Rxa4 Rd3
40. Nc4 Kf5 41. Ne5 Rc3 42. Nxc6 Rc1+ 43. Kh2 Ke4 44. Ne5 Kd5 45. Rc4 1-0

[Event "13th 4NCL Congress"]
[Site "Wakefield"]
[Date "2017.04.09"]
[Round "4"]
[Board "7"]
[White "Dennison, Warren B"]
[Black "Han, Yichen"]
[Result "1/2-1/2"]
[WhiteElo "1923"]
[BlackElo "1773"]
[PlyCount "97"]
[EventDate "2017.04.07"]
[EventRounds "5"]
[EventCountry "ENG"]

1. e4 e5 2. Nf3 Nc6 3. Bc4 Nf6 4. d4 exd4 5. e5 Ng4 6. O-O d6 7. exd6 Qxd6 8.
h3 Nge5 9. Re1 Be7 10. Nxe5 Nxe5 11. Bf4 f6 12. Bxe5 fxe5 13. Qh5+ g6 14. Qxe5
Qxe5 15. Rxe5 Kf8 16. c3 Bf6 17. Re2 Bf5 18. cxd4 Bxd4 19. g4 Bxb1 20. Rxb1 Bc5
21. Rc1 b6 22. Rd1 Bd6 23. Rde1 Kg7 24. Bd5 Raf8 25. a3 Rf4 26. Kg2 Rhf8 27. f3
Kh6 28. h4 Kg7 29. Rh1 h5 30. gxh5 gxh5 31. Kh3 R4f6 32. Rg1+ Rg6 33. Reg2 Rxg2
34. Rxg2+ Kh6 35. Be4 Rf6 36. Rg8 Be5 37. Rh8+ Kg7 38. Rxh5 Bxb2 39. Rh7+ Kg8
40. Rxc7 Bxa3 41. Rxa7 Bc1 42. Rb7 Be3 43. Kg4 Rf4+ 44. Kh5 Rf6 45. Bd5+ Kh8
46. Kg4 Rf4+ 47. Kg3 Rf6 48. h5 Rf5 49. Be4 1/2-1/2

[Event "13th 4NCL Congress"]
[Site "Wakefield"]
[Date "2017.04.09"]
[Round "4"]
[Board "8"]
[White "Burns, Martin J"]
[Black "Pramod Paleri, Adithya"]
[Result "1-0"]
[WhiteElo "1846"]
[BlackElo "1579"]
[PlyCount "93"]
[EventDate "2017.04.07"]
[EventRounds "5"]
[EventCountry "ENG"]

1. e4 d6 2. d4 Nf6 3. Bd3 g6 4. Nf3 Bg7 5. O-O O-O 6. c3 c6 7. Re1 Nbd7 8. Nbd2
e5 9. Nf1 Re8 10. dxe5 Nxe5 11. Nxe5 dxe5 12. Qc2 Be6 13. Ng3 Qc7 14. h3 Rad8
15. Be3 Nd7 16. Rad1 Nb6 17. b3 Rd7 18. c4 c5 19. Qc1 Red8 20. Bc2 Bf6 21. Rxd7
Rxd7 22. Qa3 Be7 23. Qxa7 Rd8 24. Qa3 Ra8 25. Qb2 Nd7 26. Ne2 Qa5 27. Nc3 Nb8
28. Rd1 Nc6 29. Bb1 Nd4 30. Nd5 Qd8 31. Nxe7+ Qxe7 32. Re1 Rd8 33. f3 Qh4 34.
Qf2 Qf6 35. h4 Qe7 36. f4 exf4 37. Bxf4 h5 38. Bg5 Qd7 39. Bxd8 Qxd8 40. e5 Nf5
41. g3 Nd4 42. Be4 Qc7 43. Qf6 Qa5 44. Qf2 Bg4 45. Bd5 Nf3+ 46. Bxf3 Bxf3 47.
Rf1 1-0

[Event "13th 4NCL Congress"]
[Site "Wakefield"]
[Date "2017.04.09"]
[Round "4"]
[Board "9"]
[White "Almazedi, Firas"]
[Black "Cawston, M John"]
[Result "1-0"]
[WhiteElo "1770"]
[BlackElo "1836"]
[PlyCount "22"]
[EventDate "2017.04.07"]
[EventRounds "5"]
[EventCountry "ENG"]

1. c4 c5 2. g3 Nf6 3. Bg2 d5 4. cxd5 Nxd5 5. Nc3 Nc7 6. Qa4+ Bd7 7. Qb3 Nc6 8.
Qxb7 Rb8 9. Qxc6 Bxc6 10. Bxc6+ Qd7 11. Bxd7+ Kxd7 1-0

[Event "13th 4NCL Congress"]
[Site "Wakefield"]
[Date "2017.04.09"]
[Round "4"]
[Board "10"]
[White "Davies, Sam"]
[Black "Leah, Tom"]
[Result "1/2-1/2"]
[WhiteElo "1712"]
[BlackElo "1900"]
[PlyCount "75"]
[EventDate "2017.04.07"]
[EventRounds "5"]
[EventCountry "ENG"]

1. d4 d5 2. Nf3 Nf6 3. c4 e6 4. cxd5 exd5 5. Nc3 Be7 6. Bg5 c6 7. Qc2 g6 8. e3
Bf5 9. Bd3 Bxd3 10. Qxd3 Nbd7 11. Bh6 Ng4 12. Bf4 Ngf6 13. h3 O-O 14. O-O Re8
15. Rab1 a5 16. Rfc1 Bf8 17. Nd2 Nh5 18. Bh2 f5 19. Na4 Nhf6 20. Nb3 Ne4 21.
Nac5 Ndxc5 22. Nxc5 Nxc5 23. dxc5 Bg7 24. Qb3 Qd7 25. Rc2 Re4 26. a3 Rae8 27.
Rd1 Kh8 28. Qb6 a4 29. Qc7 Qxc7 30. Bxc7 Kg8 31. Rd3 d4 32. exd4 Bxd4 33. b3
Be5 34. Bxe5 R8xe5 35. Rd8+ Kf7 36. Rd7+ Re7 37. Rxe7+ Kxe7 38. bxa4 1/2-1/2

[Event "13th 4NCL Congress"]
[Site "Wakefield"]
[Date "2017.04.09"]
[Round "4"]
[Board "12"]
[White "Goodfellow, Russell R"]
[Black "Bowman, Richard L"]
[Result "0-1"]
[WhiteElo "1864"]
[BlackElo "1772"]
[PlyCount "56"]
[EventDate "2017.04.07"]
[EventRounds "5"]
[EventCountry "ENG"]

1. e4 d6 2. d4 Nf6 3. Nc3 Nbd7 4. Nf3 e5 5. Be2 h6 6. h3 c6 7. a4 a5 8. Be3 Be7
9. O-O g5 10. dxe5 dxe5 11. Nh2 Qc7 12. Qd2 Nf8 13. h4 gxh4 14. Bxh6 Ne6 15.
Ng4 Rg8 16. Nxf6+ Bxf6 17. Rfd1 Nd4 18. Kh1 Be6 19. Bd3 Qc8 20. Qe3 h3 21. g3
Bg4 22. Rdc1 h2 23. Bf1 Bf3+ 24. Bg2 Bxg2+ 25. Kxg2 Qg4 26. Nb1 h1=Q+ 27. Kxh1
Qh3+ 28. Kg1 Rh8 0-1

[Event "13th 4NCL Congress"]
[Site "Wakefield"]
[Date "2017.04.09"]
[Round "4"]
[Board "13"]
[White "Muflehi, Khaled"]
[Black "Holi, Siefaldin A"]
[Result "1-0"]
[WhiteElo "1855"]
[BlackElo "1740"]
[PlyCount "86"]
[EventDate "2017.04.07"]
[EventRounds "5"]
[EventCountry "ENG"]

1. d4 d5 2. c4 h6 3. Nc3 Nf6 4. cxd5 Nxd5 5. e4 Nf6 6. f3 Nc6 7. d5 Nb8 8. Bc4
e6 9. Qb3 exd5 10. Nxd5 Bd6 11. Bd2 O-O 12. Nxf6+ Qxf6 13. O-O-O Bf4 14. Ne2
Bxd2+ 15. Rxd2 Nc6 16. Qc3 Qe7 17. Nf4 Be6 18. Bxe6 fxe6 19. Ng6 Qg5 20. Nxf8
Rxf8 21. Kb1 a5 22. h4 Qf4 23. Rd7 Qg3 24. Qd2 b5 25. Rc1 Ne5 26. Rdxc7 Nc4 27.
Qd7 Qxg2 28. Qxb5 Nd2+ 29. Ka1 Nxf3 30. Qxa5 Nxh4 31. Qe5 Rf6 32. Rc8+ Kh7 33.
Qxf6 gxf6 34. R1c7+ Qg7 35. Rxg7+ Kxg7 36. a4 f5 37. a5 Ng6 38. a6 f4 39. a7
Kf6 40. a8=Q f3 41. Rf8+ Nxf8 42. Qxf8+ Kg5 43. Qxf3 h5 1-0

[Event "13th 4NCL Congress"]
[Site "Wakefield"]
[Date "2017.04.09"]
[Round "4"]
[Board "15"]
[White "Buttell, David"]
[Black "Jones, Neil T"]
[Result "1-0"]
[WhiteElo "1755"]
[BlackElo "1830"]
[PlyCount "73"]
[EventDate "2017.04.07"]
[EventRounds "5"]
[EventCountry "ENG"]

1. d4 d5 2. c4 e6 3. Nc3 Be7 4. Nf3 Nf6 5. Bg5 h6 6. Bh4 Ne4 7. Bxe7 Qxe7 8.
Nxe4 dxe4 9. Nd2 f5 10. e3 O-O 11. Qc2 b6 12. O-O-O a5 13. f3 exf3 14. gxf3 Nd7
15. Kb1 c5 16. d5 exd5 17. cxd5 Qxe3 18. Bc4 Ne5 19. d6+ Kh8 20. Bd5 Ra7 21.
Nc4 Nxc4 22. Qxc4 Ba6 23. Qh4 Bd3+ 24. Ka1 c4 25. Bxc4 Bxc4 26. Qxc4 Rd7 27.
Qc6 Rfd8 28. a3 Qc5 29. Qxc5 bxc5 30. Rd5 Rxd6 31. Rxc5 Rd5 32. Rhc1 g5 33. Ka2
Kg7 34. Rc6 Rd3 35. Ra6 Rxf3 36. Rc7+ Kf8 37. Rxh6 1-0

[Event "13th 4NCL Congress"]
[Site "Wakefield"]
[Date "2017.04.09"]
[Round "4"]
[Board "16"]
[White "May, Paul"]
[Black "Stone, Ian C"]
[Result "1-0"]
[WhiteElo "1810"]
[BlackElo "1668"]
[PlyCount "71"]
[EventDate "2017.04.07"]
[EventRounds "5"]
[EventCountry "ENG"]

1. d4 d5 2. c4 Nc6 3. e3 e6 4. Nc3 Nf6 5. Bd2 Be7 6. a3 O-O 7. Nf3 Ne4 8. c5 f5
9. Qc2 a6 10. g3 Bd7 11. b4 Nxc3 12. Bxc3 b5 13. Bd3 Be8 14. O-O-O Bh5 15. Be2
Bxf3 16. Bxf3 a5 17. Kb2 axb4 18. axb4 Ra4 19. Qb3 Qa8 20. Ra1 Nd8 21. Rxa4
bxa4 22. Ra1 c6 23. Rxa4 Qb8 24. Be2 Nf7 25. f4 Qc7 26. Qa3 Rb8 27. Ra6 Nd8 28.
Qa4 Bf8 29. Ra7 Nb7 30. Kc2 Qc8 31. Ba6 Be7 32. b5 Qd7 33. bxc6 Nxc5 34. Rxd7
Nxa4 35. Rxe7 Nb6 36. Rb7 1-0

[Event "13th 4NCL Congress"]
[Site "Wakefield"]
[Date "2017.04.09"]
[Round "4"]
[Board "17"]
[White "Walshaw, David"]
[Black "Ansari, Athar"]
[Result "1-0"]
[WhiteElo "1689"]
[BlackElo "1955"]
[PlyCount "104"]
[EventDate "2017.04.07"]
[EventRounds "5"]
[EventCountry "ENG"]

1. c4 Nf6 2. Nf3 Nc6 3. g3 e5 4. Bg2 Bc5 5. Nc3 d6 6. Na4 e4 7. Ng5 Bxf2+ 8.
Kf1 O-O 9. e3 h6 10. Nxe4 Bg4 11. Nxf6+ Qxf6 12. Qxg4 Ne5 13. Qf4 Qxf4 14. gxf4
Nd3 15. Be4 Nxc1 16. Kxf2 Nxa2 17. Rxa2 c6 18. Nc3 g5 19. Rg1 f6 20. Raa1 Kf7
21. Rg2 Ke6 22. f5+ Kd7 23. Rh1 h5 24. h3 h4 25. Bc2 Rg8 26. Re1 Rae8 27. d4
Ra8 28. e4 Rae8 29. Kf3 Re7 30. Rge2 c5 31. dxc5 dxc5 32. Rd2+ Kc8 33. Red1
Reg7 34. Rg2 Rf8 35. Ba4 b6 36. Rgd2 Rfg8 37. Bd7+ Kb8 38. Be6 Rf8 39. Rd8+
Rxd8 40. Rxd8+ Kc7 41. Rf8 Kd6 42. Rxf6 Ke5 43. Rf7 Rg8 44. Rxa7 Rd8 45. Rd7
Ra8 46. Rd5+ Kf6 47. e5+ Kg7 48. f6+ Kg6 49. Rd7 Ra1 50. Rd1 Ra8 51. Bd5 Rf8
52. Kg4 Kh6 1-0

[Event "13th 4NCL Congress"]
[Site "Wakefield"]
[Date "2017.04.09"]
[Round "4"]
[Board "18"]
[White "Potter, Steven"]
[Black "Parnian, Arya"]
[Result "1-0"]
[WhiteElo "1911"]
[BlackElo "1712"]
[PlyCount "69"]
[EventDate "2017.04.07"]
[EventRounds "5"]
[EventCountry "ENG"]

1. d4 d5 2. Bg5 h6 3. Bh4 Bf5 4. e3 c6 5. Nd2 Nd7 6. Be2 Ngf6 7. Ngf3 Qb6 8.
Qc1 e6 9. O-O Bd6 10. c4 c5 11. cxd5 exd5 12. Bxf6 Nxf6 13. dxc5 Bxc5 14. Nb3
Bd6 15. Nbd4 Rc8 16. Bb5+ Kf8 17. Qd1 Bh7 18. Rc1 Rc5 19. Ba4 g5 20. Rxc5 Bxc5
21. Qb3 Ke7 22. Rc1 a6 23. h4 g4 24. Ne5 Rf8 25. Rxc5 Qxc5 26. Qxb7+ Kd8 27.
Nxf7+ Rxf7 28. Qxf7 Qc1+ 29. Kh2 g3+ 30. Kxg3 Ne4+ 31. Kf4 Qxb2 32. Qf8+ Kc7
33. Ne6+ Kb7 34. Qe7+ Kc8 35. Qc7# 1-0

[Event "13th 4NCL Congress"]
[Site "Wakefield"]
[Date "2017.04.09"]
[Round "4"]
[Board "19"]
[White "Robinson, Brian"]
[Black "Riding, Mick D"]
[Result "0-1"]
[WhiteElo "1576"]
[BlackElo "1895"]
[PlyCount "62"]
[EventDate "2017.04.07"]
[EventRounds "5"]
[EventCountry "ENG"]

1. d4 d6 2. e4 Nf6 3. Nc3 c6 4. Nf3 Bg4 5. Be2 e6 6. O-O d5 7. Bg5 Be7 8. e5
Nfd7 9. Bxe7 Qxe7 10. Nd2 Bf5 11. f4 h5 12. Nf3 Nf8 13. Bd3 g6 14. Ne2 Nbd7 15.
c4 dxc4 16. Bxc4 Nb6 17. Nd2 g5 18. Ng3 Bg4 19. Be2 gxf4 20. Rxf4 Ng6 21. Rf2
Bxe2 22. Qxe2 Nd5 23. Nde4 Ngf4 24. Nd6+ Kd7 25. Qd2 Qg5 26. Nxf7 Qg4 27. Nxh8
h4 28. Raf1 Rxh8 29. Nh5 Nh3+ 30. Kh1 Nxf2+ 31. Kg1 Nh3+ 0-1

[Event "13th 4NCL Congress"]
[Site "Wakefield"]
[Date "2017.04.09"]
[Round "4"]
[Board "20"]
[White "France, John M"]
[Black "Graham, Neil"]
[Result "1-0"]
[WhiteElo "1598"]
[BlackElo "1804"]
[PlyCount "45"]
[EventDate "2017.04.07"]
[EventRounds "5"]
[EventCountry "ENG"]

1. d4 d5 2. e4 dxe4 3. Nc3 Nf6 4. f3 exf3 5. Nxf3 c6 6. Bc4 b5 7. Bd3 Bg4 8.
Be3 e6 9. O-O Nd5 10. Nxd5 Qxd5 11. Qe1 Bxf3 12. Rxf3 Be7 13. Qg3 g6 14. c3 Nd7
15. a4 bxa4 16. Rxa4 Qb3 17. Rc4 Rc8 18. d5 exd5 19. Rcf4 Bd6 20. Bd4 O-O 21.
Qh3 Bxf4 22. Rxf4 c5 23. Qxh7+ 1-0

[Event "13th 4NCL Congress"]
[Site "Wakefield"]
[Date "2017.04.09"]
[Round "4"]
[Board "21"]
[White "Glover, Gordon L"]
[Black "Clarke, Paul Rh"]
[Result "0-1"]
[WhiteElo "1637"]
[BlackElo "1763"]
[PlyCount "68"]
[EventDate "2017.04.07"]
[EventRounds "5"]
[EventCountry "ENG"]

1. d4 d5 2. Nf3 Nf6 3. Bg5 e6 4. e3 Be7 5. Bd3 Nbd7 6. h3 O-O 7. O-O Ne4 8.
Bxe7 Qxe7 9. c3 e5 10. Re1 Ng5 11. Nxg5 Qxg5 12. Qg4 Qxg4 13. hxg4 e4 14. Be2
f5 15. g5 f4 16. Bg4 Nb6 17. Bxc8 Raxc8 18. g4 fxg3 19. fxg3 Rf3 20. Nd2 Rxg3+
21. Kh2 Rxg5 22. b3 Rf8 23. Rf1 Rgf5 24. Rxf5 Rxf5 25. Rf1 Rxf1 26. Nxf1 Nd7
27. Kg3 g5 28. Kg4 h6 29. Ng3 Nf6+ 30. Kf5 Kf7 31. Ke5 h5 32. c4 c6 33. Kd6 h4
34. Nf1 g4 0-1

[Event "13th 4NCL Congress"]
[Site "Wakefield"]
[Date "2017.04.09"]
[Round "4"]
[Board "22"]
[White "Clegg, Robert"]
[Black "Ross, Stuart"]
[Result "0-1"]
[WhiteElo "1742"]
[BlackElo "1639"]
[PlyCount "60"]
[EventDate "2017.04.07"]
[EventRounds "5"]
[EventCountry "ENG"]

1. d4 Nf6 2. c4 g6 3. Nc3 Bg7 4. e4 d6 5. Be2 O-O 6. Nf3 e5 7. O-O Nc6 8. d5
Ne7 9. Ne1 Nd7 10. Be3 f5 11. f3 f4 12. Bf2 g5 13. Nb5 b6 14. b4 a6 15. Nc3 Ng6
16. Nd3 Nf6 17. c5 bxc5 18. bxc5 h5 19. cxd6 cxd6 20. Qb3 g4 21. Rfc1 gxf3 22.
Bxf3 Ng4 23. Nd1 Nh4 24. Rc6 Nxf2 25. Kxf2 Nxf3 26. gxf3 Qh4+ 27. Kg1 Rf6 28.
Rc2 Bh3 29. Kh1 Rg6 30. Rf2 Qg5 0-1

[Event "13th 4NCL Congress"]
[Site "Wakefield"]
[Date "2017.04.09"]
[Round "4"]
[Board "23"]
[White "Procter, Colin S"]
[Black "Grobler, David J"]
[Result "1-0"]
[WhiteElo "1804"]
[BlackElo "1686"]
[PlyCount "69"]
[EventDate "2017.04.07"]
[EventRounds "5"]
[EventCountry "ENG"]

1. d4 Nf6 2. Bf4 g6 3. Nc3 Bg7 4. e4 d6 5. Qd2 O-O 6. h4 c5 7. d5 h5 8. Bh6 a6
9. Bxg7 Kxg7 10. a4 Qa5 11. b3 Nbd7 12. Bd3 Ne5 13. Nf3 Nfd7 14. O-O Nxf3+ 15.
gxf3 Ne5 16. Be2 f5 17. f4 Ng4 18. f3 Nh6 19. Kh1 Qd8 20. Rf2 fxe4 21. Nxe4 Nf5
22. Rg1 e5 23. dxe6 Bxe6 24. Ng5 Qf6 25. Rh2 Rae8 26. Bd3 Kh6 27. Ne4 Qe7 28.
Nxd6 Qxd6 29. Rxg6+ Kxg6 30. Bxf5+ Rxf5 31. Qxd6 Rd5 32. Rg2+ Kf6 33. Qc7 Re7
34. Rg6+ Kxg6 35. Qxe7 1-0

[Event "13th 4NCL Congress"]
[Site "Wakefield"]
[Date "2017.04.09"]
[Round "4"]
[Board "24"]
[White "Czestochowski, Eddie"]
[Black "Radford, Mark Sr"]
[Result "0-1"]
[WhiteElo "1675"]
[BlackElo "1772"]
[PlyCount "48"]
[EventDate "2017.04.07"]
[EventRounds "5"]
[EventCountry "ENG"]

1. Nf3 d6 2. d4 f5 3. c4 Nf6 4. Nc3 g6 5. g3 Bg7 6. Bg2 O-O 7. O-O Qe8 8. Ng5
h6 9. Nf3 c6 10. Qc2 Na6 11. a3 Bd7 12. b4 Nc7 13. Bb2 Qf7 14. Nd2 e5 15. e3 e4
16. f3 d5 17. cxd5 cxd5 18. fxe4 fxe4 19. Ncxe4 dxe4 20. Qxc7 Rac8 21. Qxb7 Rc2
22. Bc1 Qe6 23. Nxe4 Rxg2+ 24. Kxg2 Bc6 0-1

[Event "13th 4NCL Congress"]
[Site "Wakefield"]
[Date "2017.04.09"]
[Round "5"]
[Board "1"]
[White "Cohen, Gerald M"]
[Black "Hopkins, Kit H"]
[Result "1/2-1/2"]
[WhiteElo "1982"]
[BlackElo "1997"]
[PlyCount "58"]
[EventDate "2017.04.07"]
[EventRounds "5"]
[EventCountry "ENG"]

1. d4 d5 2. Bf4 Nf6 3. e3 c5 4. c3 Nc6 5. Nf3 Qb6 6. Qb3 c4 7. Qxb6 axb6 8.
Nbd2 Bf5 9. Be2 h6 10. h3 e6 11. O-O Be7 12. Ne5 O-O 13. Rfe1 b5 14. Nxc6 bxc6
15. a3 c5 16. dxc5 Bxc5 17. Be5 Nd7 18. Bg3 Be7 19. Nf3 Bc2 20. Nd4 Ba4 21. Bd1
Bf6 22. Nc6 Rfc8 23. Nb4 Bxd1 24. Raxd1 Nc5 25. Re2 Be7 26. f3 Kf8 27. Nc2 Nd3
28. Ne1 Nxe1 29. Rexe1 Bc5 1/2-1/2

[Event "13th 4NCL Congress"]
[Site "Wakefield"]
[Date "2017.04.09"]
[Round "5"]
[Board "2"]
[White "Almazedi, Firas"]
[Black "Ai, Farshad"]
[Result "1/2-1/2"]
[WhiteElo "1770"]
[BlackElo "1952"]
[PlyCount "49"]
[EventDate "2017.04.07"]
[EventRounds "5"]
[EventCountry "ENG"]

1. d4 d5 2. c4 c6 3. cxd5 cxd5 4. Bf4 Nc6 5. Nc3 Nf6 6. e3 a6 7. Be2 Bf5 8. Nf3
e6 9. Qb3 Na5 10. Qa4+ Nc6 11. Ne5 Qc8 12. O-O Nd7 13. Nxc6 bxc6 14. Rfc1 Be7
15. Nd1 c5 16. dxc5 O-O 17. Bd6 Bxd6 18. cxd6 Qd8 19. Rc7 Nf6 20. Qc6 a5 21.
Rc1 e5 22. e4 Nxe4 23. Qxd5 Qxd6 24. Qxd6 Nxd6 25. Ne3 1/2-1/2

[Event "13th 4NCL Congress"]
[Site "Wakefield"]
[Date "2017.04.09"]
[Round "5"]
[Board "3"]
[White "Pink, Joshua"]
[Black "Wilson, Kevin J"]
[Result "1/2-1/2"]
[WhiteElo "1915"]
[BlackElo "1810"]
[PlyCount "107"]
[EventDate "2017.04.07"]
[EventRounds "5"]
[EventCountry "ENG"]

1. e4 c6 2. d4 d5 3. e5 Bf5 4. Nc3 e6 5. g4 Bg6 6. Nge2 f6 7. Nf4 Bf7 8. Nd3
Nd7 9. Bf4 Ne7 10. Qe2 Qb6 11. O-O-O f5 12. Bh3 g6 13. gxf5 Nxf5 14. Bxf5 gxf5
15. Qe3 O-O-O 16. Bg5 Re8 17. h4 c5 18. dxc5 Nxc5 19. Rh3 Bh5 20. Ne2 Nxd3+ 21.
Rxd3 Qxe3+ 22. Rhxe3 Bxe2 23. Rxe2 Kb8 24. Red2 Rg8 25. Rg3 h6 26. Bf4 Rxg3 27.
fxg3 h5 28. Kd1 Rc8 29. Ke2 Rc4 30. Kd3 Bc5 31. Re2 Rd4+ 32. Kc3 a5 33. Be3
Rc4+ 34. Kd3 Bxe3 35. Rxe3 b5 36. b3 Rg4 37. Ke2 Kb7 38. Kf3 d4 39. Rd3 b4 40.
Rd1 Kc6 41. a3 Kd5 42. axb4 axb4 43. Ra1 Kxe5 44. Ra4 Re4 45. Rxb4 Re3+ 46. Kf2
Ke4 47. Rc4 Rf3+ 48. Kg2 Rc3 49. Rxc3 dxc3 50. Kf2 Kd4 51. Ke2 e5 52. Kf3 e4+
53. Ke2 Kd5 54. Kf2 1/2-1/2

[Event "13th 4NCL Congress"]
[Site "Wakefield"]
[Date "2017.04.09"]
[Round "5"]
[Board "4"]
[White "Balaji, Aaravamudhan"]
[Black "David, Ivan"]
[Result "0-1"]
[WhiteElo "1727"]
[BlackElo "1883"]
[PlyCount "112"]
[EventDate "2017.04.07"]
[EventRounds "5"]
[EventCountry "ENG"]

1. d4 Nf6 2. c4 c5 3. d5 e5 4. Nc3 d6 5. e4 Nbd7 6. Nf3 Be7 7. g3 a6 8. a4 b6
9. Bg2 O-O 10. O-O Ne8 11. Be3 g6 12. Ne1 Ng7 13. Nd3 f5 14. f4 Bf6 15. Qd2 Ra7
16. Rac1 Re8 17. Rfe1 exf4 18. Bxf4 Ne5 19. Nxe5 Bxe5 20. exf5 Bxf4 21. Qxf4
Bxf5 22. Rxe8+ Qxe8 23. Rd1 Qd7 24. Bf3 Ra8 25. Rd2 Rf8 26. Qh4 Qd8 27. Qxd8
Rxd8 28. g4 Bc8 29. h4 Rf8 30. Kg2 Rf4 31. Ne4 Bxg4 32. Kg3 Nh5+ 33. Kh2 Bxf3
34. Nxd6 Rxh4+ 35. Kg1 Rh1+ 36. Kf2 Rh2+ 37. Ke3 Rxd2 38. Kxd2 Bg4 39. Ne4 a5
40. Nc3 Bd7 41. b3 Nf6 42. Ke3 Kf7 43. Kf4 h6 44. Ke5 Ke7 45. d6+ Kf7 46. Ne2
g5 47. Ng3 h5 48. Ne2 h4 49. b4 axb4 50. a5 bxa5 51. Ng3 b3 52. Ne2 h3 53. Nc3
b2 54. Nd5 Nxd5 55. cxd5 h2 56. Ke4 h1=Q+ 0-1

[Event "13th 4NCL Congress"]
[Site "Wakefield"]
[Date "2017.04.09"]
[Round "5"]
[Board "5"]
[White "Evans, Peter Michael"]
[Black "Burns, Martin J"]
[Result "0-1"]
[WhiteElo "1712"]
[BlackElo "1846"]
[PlyCount "42"]
[EventDate "2017.04.07"]
[EventRounds "5"]
[EventCountry "ENG"]

1. d4 Nf6 2. c4 g6 3. Nc3 d5 4. cxd5 Nxd5 5. Qb3 Nxc3 6. bxc3 Bg7 7. Bg5 O-O 8.
Nf3 c5 9. Rd1 Qc7 10. e3 Nc6 11. Be2 e5 12. d5 Na5 13. Qc2 e4 14. Bf4 Qd8 15.
Ne5 g5 16. Bg3 f5 17. f4 exf3 18. Nxf3 g4 19. Nd2 Bd7 20. O-O Qe8 21. Qd3 c4
 0-1

[Event "13th 4NCL Congress"]
[Site "Wakefield"]
[Date "2017.04.09"]
[Round "5"]
[Board "6"]
[White "Bowman, Richard L"]
[Black "Dennison, Warren B"]
[Result "0-1"]
[WhiteElo "1772"]
[BlackElo "1923"]
[PlyCount "78"]
[EventDate "2017.04.07"]
[EventRounds "5"]
[EventCountry "ENG"]

1. d4 d5 2. Bf4 Nf6 3. e3 Bf5 4. Bd3 e6 5. Bxf5 exf5 6. Qd3 Qd7 7. Nf3 Nc6 8.
c3 Ne4 9. Nbd2 f6 10. h4 Bd6 11. Bxd6 Qxd6 12. a3 O-O-O 13. c4 Rhe8 14. c5 Qd7
15. g3 g5 16. b4 f4 17. b5 fxe3 18. fxe3 Qg4 19. O-O-O Nf2 20. Qb3 Na5 21. Qa4
b6 22. Rhe1 Qf5 23. Nb3 Nxb3+ 24. Qxb3 Nxd1 25. c6 Nxe3 26. Rxe3 Rxe3 27. Qxe3
Qe4 28. Qb3 Kb8 29. hxg5 fxg5 30. Ne5 Qxd4 31. Nd7+ Kc8 32. Qf3 Qc4+ 33. Kd1
Qe4 34. Qf7 g4 35. Nf6 Qf5 36. Qe7 d4 37. Ne8 Qf3+ 38. Kc2 d3+ 39. Kb2 Qe2+ 0-1

[Event "13th 4NCL Congress"]
[Site "Wakefield"]
[Date "2017.04.09"]
[Round "5"]
[Board "7"]
[White "Angheluta, Ovidiu"]
[Black "Buttell, David"]
[Result "0-1"]
[WhiteElo "1873"]
[BlackElo "1755"]
[PlyCount "68"]
[EventDate "2017.04.07"]
[EventRounds "5"]
[EventCountry "ENG"]

1. e4 c5 2. c4 Nc6 3. Nc3 e6 4. d3 d6 5. g3 g6 6. Bg2 Bg7 7. Nge2 Nge7 8. O-O
O-O 9. f4 Nd4 10. a3 Nec6 11. Rb1 e5 12. Be3 Bg4 13. h3 Nxe2+ 14. Nxe2 Bxe2 15.
Qxe2 exf4 16. gxf4 Bd4 17. b4 Qd7 18. f5 f6 19. Kh1 Rab8 20. h4 Bxe3 21. Qxe3
b6 22. Bh3 Ne5 23. Rg1 Qe7 24. Rbf1 Kh8 25. Rg2 Rg8 26. b5 gxf5 27. exf5 Rxg2
28. Bxg2 Rg8 29. Rf4 Qg7 30. Bd5 Qg3 31. Qxg3 Rxg3 32. d4 Nd3 33. dxc5 Nxf4 34.
cxd6 Nxd5 0-1

[Event "13th 4NCL Congress"]
[Site "Wakefield"]
[Date "2017.04.09"]
[Round "5"]
[Board "8"]
[White "Brown, Geoffrey D"]
[Black "Muflehi, Khaled"]
[Result "1-0"]
[WhiteElo "1545"]
[BlackElo "1855"]
[PlyCount "47"]
[EventDate "2017.04.07"]
[EventRounds "5"]
[EventCountry "ENG"]

1. e4 c5 2. Nf3 d6 3. c3 Nf6 4. Be2 Nc6 5. d4 cxd4 6. cxd4 e6 7. d5 exd5 8.
exd5 Qa5+ 9. Nc3 Ne7 10. Bc4 g6 11. O-O Qc7 12. Nb5 Qd8 13. Qa4 Nc6 14. dxc6
bxc6 15. Re1+ Be7 16. Nbd4 Bd7 17. Nxc6 Bxc6 18. Qxc6+ Kf8 19. Bh6+ Kg8 20.
Bxf7+ Kxf7 21. Ng5+ Kg8 22. Rxe7 Qxe7 23. Qxa8+ Ne8 24. Qd5+ 1-0